[Event "Hamburg-chT Landesliga 2122"]
[Site "Hamburg"]
[Date "2021.10.31"]
[Round "1.7"]
[White "Kleiner, Michael"]
[Black "Colpe, Helge"]
[Result "1/2-1/2"]
[WhiteElo "2087"]
[BlackElo "2040"]
[PlyCount "72"]
[EventDate "2021.10.31"]
[EventType "team-tourn"]
[EventRounds "9"]
[EventCountry "GER"]
[SourceTitle "EXT 2023"]
[Source "ChessBase"]
[SourceDate "2022.10.05"]
[SourceVersion "1"]
[SourceVersionDate "2022.10.05"]
[SourceQuality "1"]
[WhiteTeam "Hamburger SK V"]
[BlackTeam "Hamburger SK IV"]
[WhiteTeamCountry "GER"]
[BlackTeamCountry "GER"]

1. e4 e5 2. Nf3 Nc6 3. Bb5 Nf6 4. 0-0 Nxe4 5. Re1 Nd6 6. Bxc6 dxc6 7. Nxe5 Be7 8. Qf3 0-0 9. d4 Bf6 10. c3 Re8 11. Bf4 Bf5 12. Nd2 Qc8 13. h3 a5 14. Nec4 Nxc4 15. Nxc4 Rxe1+ 16. Rxe1 Be6 17. Nd2 Qd7 18. a3 Be7 19. Qg3 Rc8 20. Ne4 Kh8 21. Ng5 Bb3 22. Qh4 Bxg5 23. Qxg5 Re8 24. Rxe8+ Qxe8 25. Bxc7 Qe1+ 26. Kh2 h6 27. Qe3 Qb1 28. Bxa5 Qxb2 29. Bb4 Qc2 30. Qg3 Kh7 31. Bf8 Qg6 32. Qxg6+ Kxg6 33. Kg3 b5 34. Kf4 Kf6 35. h4 h5 36. Bd6 g6 1/2-1/2

[Event "Hamburg-chT Landesliga 1920"]
[Site "Hamburg"]
[Date "2020.01.19"]
[Round "5.8"]
[White "Egelriede, Nikolas"]
[Black "Colpe, Helge"]
[Result "1/2-1/2"]
[WhiteElo "1870"]
[BlackElo "2052"]
[PlyCount "26"]
[EventDate "2019.09.29"]
[EventType "team-tourn"]
[EventRounds "9"]
[EventCountry "GER"]
[SourceTitle "EXT 2021"]
[Source "ChessBase"]
[SourceDate "2020.10.23"]
[SourceVersion "1"]
[SourceVersionDate "2020.10.23"]
[SourceQuality "1"]

1. e4 e5 2. Nf3 Nc6 3. Nc3 Nf6 4. d4 exd4 5. Nd5 Nxd5 6. exd5 Bb4+ 7. Bd2 Qe7+ 8. Qe2 Bxd2+ 9. Kxd2 Qxe2+ 10. Bxe2 Ne7 11. Bc4 a6 12. Rhe1 b5 13. Bb3 d6 1/2-1/2

[Event "Hamburg-chT Landesliga 1920"]
[Site "Hamburg"]
[Date "2019.10.20"]
[Round "2.6"]
[White "Colpe, Helge"]
[Black "Peschke, Matthias"]
[Result "0-1"]
[WhiteElo "2052"]
[BlackElo "1994"]
[PlyCount "60"]
[EventDate "2019.09.29"]
[EventType "team-tourn"]
[EventRounds "9"]
[EventCountry "GER"]
[SourceTitle "EXT 2021"]
[Source "ChessBase"]
[SourceDate "2020.10.23"]
[SourceVersion "1"]
[SourceVersionDate "2020.10.23"]
[SourceQuality "1"]

1. d4 Nf6 2. Nf3 c5 3. e3 d5 4. c4 Nc6 5. Nc3 e6 6. a3 cxd4 7. exd4 Be7 8. Bd3 dxc4 9. Bxc4 0-0 10. 0-0 Nd5 11. Re1 Re8 12. Qd3 Bf6 13. Ne4 Nb6 14. Nxf6+ Qxf6 15. Bb3 Qg6 16. Qe2 Rd8 17. Bc2 Qh5 18. Qe4 Nd5 19. Bg5 Nf6 20. Bxf6 gxf6 21. Qf4 Kg7 22. Re3 Ne7 23. Nh4 Nd5 24. Rg3+ Kh8 25. Qe4 f5 26. Qd3 Qxh4 27. Rh3 Qf6 28. Qf3 Rg8 29. Ba4 Qxd4 30. Qh5 Rg7 0-1

[Event "GER-ch Net final U25"]
[Site "Playchess.com INT"]
[Date "2008.06.15"]
[Round "2"]
[White "Colpe, Helge"]
[Black "Koepke, Elena"]
[Result "0-1"]
[WhiteElo "2117"]
[BlackElo "2291"]
[PlyCount "82"]
[EventDate "2008.06.15"]
[EventType "swiss (blitz)"]
[EventRounds "9"]
[EventCountry "GER"]
[SourceTitle "CBM 124 Extra"]
[Source "ChessBase"]
[SourceDate "2008.07.03"]
[SourceVersion "1"]
[SourceVersionDate "2008.07.03"]
[SourceQuality "1"]

1. d4 d5 2. c4 dxc4 3. Nf3 Nf6 4. Nc3 a6 5. a4 Nc6 6. e3 Na5 7. Ne5 Be6 8. g3 g6 9. Bg2 c6 10. 0-0 Bg7 11. f4 0-0 12. Qe2 Nd7 13. Nf3 b5 14. Ng5 Bf5 15. Kh1 Bd3 16. Qf2 Bxf1 17. Qxf1 Nf6 18. axb5 axb5 19. Bd2 Nb3 20. Rxa8 Qxa8 21. Be1 Qb7 22. e4 Nxd4 23. e5 Nd5 24. Nce4 h6 25. Nh3 Ne3 26. Qg1 Nxg2 27. Qxg2 Ra8 28. Bc3 Ra1+ 29. Ng1 Nf5 30. g4 Ne3 31. Qf3 Nd5 32. Bd4 Nb4 33. f5 Nd3 34. f6 exf6 35. exf6 Bf8 36. g5 c5 37. Be3 h5 38. Kg2 Ne1+ 39. Kf2 Nxf3 40. Kxf3 Re1 41. Ne2 Rxe2 0-1

[Event "GER-ch Net final U25"]
[Site "Playchess.com INT"]
[Date "2008.06.15"]
[Round "5"]
[White "Colpe, Helge"]
[Black "Rezasade, Amir"]
[Result "0-1"]
[WhiteElo "2117"]
[BlackElo "2231"]
[PlyCount "130"]
[EventDate "2008.06.15"]
[EventType "swiss (blitz)"]
[EventRounds "9"]
[EventCountry "GER"]
[SourceTitle "CBM 124 Extra"]
[Source "ChessBase"]
[SourceDate "2008.07.03"]
[SourceVersion "1"]
[SourceVersionDate "2008.07.03"]
[SourceQuality "1"]

1. d4 d5 2. c4 e6 3. Nf3 c5 4. cxd5 exd5 5. Nc3 Nc6 6. g3 Nf6 7. Bg2 Be7 8. 0-0 0-0 9. Bg5 cxd4 10. Nxd4 h6 11. Be3 Re8 12. Nxc6 bxc6 13. Rc1 Bd7 14. Na4 Qa5 15. b3 Ba3 16. Rc2 Rac8 17. Bc5 Bxc5 18. Rxc5 Qa6 19. e3 Ne4 20. Rc1 Qa5 21. Qd4 c5 22. Qxd5 Bxa4 23. bxa4 Nc3 24. Qc4 Nxa4 25. Rfd1 Nb6 26. Qc2 c4 27. Rd4 Rc5 28. Bf1 c3 29. Rb1 Rec8 30. a4 Rd5 31. Rb5 Rxb5 32. axb5 Qa1 33. Kg2 Qb2 34. Bd3 Qxc2 35. Bxc2 Kf8 36. Kf3 Rc5 37. Rd3 Ke7 38. Ke4 Rc4+ 39. Kf3 g5 40. e4 Nd7 41. Ke3 Rc5 42. Kd4 Rxb5 43. Rxc3 a5 44. f4 Rb4+ 45. Rc4 Rb2 46. Bd3 Rb7 47. Ra4 Ra7 48. Ra3 gxf4 49. gxf4 Nf8 50. e5 Ne6+ 51. Ke4 Nc5+ 52. Kd5 Nxd3 53. Rxd3 Rd7+ 54. Ke4 Rxd3 55. Kxd3 Ke6 56. Kc4 Kf5 57. Kd5 Kxf4 58. e6 fxe6+ 59. Kxe6 a4 60. Kf6 a3 61. Kg6 a2 62. Kxh6 a1Q 63. h4 Qh8+ 64. Kg6 Qxh4 65. Kg7 Qe1 0-1

[Event "GER-ch Net qual4 U25"]
[Site "Playchess.com INT"]
[Date "2008.06.11"]
[Round "4"]
[White "Colpe, Helge"]
[Black "Hastrich, Julian"]
[Result "0-1"]
[WhiteElo "2117"]
[BlackElo "2065"]
[PlyCount "68"]
[EventDate "2008.06.11"]
[EventType "swiss (blitz)"]
[EventRounds "7"]
[EventCountry "GER"]
[SourceTitle "CBM 124 Extra"]
[Source "ChessBase"]
[SourceDate "2008.07.03"]
[SourceVersion "1"]
[SourceVersionDate "2008.07.03"]
[SourceQuality "1"]

1. d4 d5 2. c4 c6 3. e3 Nf6 4. Nf3 a6 5. Nc3 b5 6. cxd5 cxd5 7. Bd3 Bg4 8. 0-0 e6 9. h3 Bh5 10. e4 dxe4 11. Nxe4 Nbd7 12. Ng3 Bg6 13. Bxg6 hxg6 14. Re1 Be7 15. Ne5 Nxe5 16. Rxe5 0-0 17. Bg5 Rc8 18. a4 Nd7 19. Bxe7 Qxe7 20. Re3 Nb6 21. axb5 axb5 22. Qb3 Nc4 23. Re2 Qd7 24. Rd1 Rfd8 25. Ne4 Qd5 26. Nc3 Qc6 27. Qxb5 Qxb5 28. Nxb5 Rb8 29. Na7 Rxb2 30. Re4 Nd6 31. Re3 Nb5 32. Nc6 Rd6 33. Rc3 Nxc3 34. Ra1 Rxc6 0-1

[Event "GER-ch Net qual2 U25"]
[Site "Playchess.com INT"]
[Date "2008.06.04"]
[Round "6"]
[White "Colpe, Helge"]
[Black "Langers, Alexander"]
[Result "1-0"]
[WhiteElo "2117"]
[BlackElo "2203"]
[PlyCount "69"]
[EventDate "2008.06.04"]
[EventType "swiss (blitz)"]
[EventRounds "7"]
[EventCountry "GER"]
[SourceTitle "CBM 124 Extra"]
[Source "ChessBase"]
[SourceDate "2008.07.03"]
[SourceVersion "1"]
[SourceVersionDate "2008.07.03"]
[SourceQuality "1"]

1. d4 Nf6 2. c4 g6 3. Nf3 Bg7 4. Nc3 0-0 5. e4 d6 6. Be2 e5 7. 0-0 exd4 8. Nxd4 Re8 9. f3 c6 10. Bg5 h6 11. Bh4 Na6 12. Rb1 g5 13. Bg3 Nh5 14. Bf2 Nf4 15. Re1 Nc7 16. Bf1 d5 17. cxd5 cxd5 18. exd5 Rxe1 19. Qxe1 Ncxd5 20. Rd1 Nxc3 21. bxc3 Qf8 22. Qe4 Rb8 23. Nf5 Bxf5 24. Qxf5 Bxc3 25. Bc4 Re8 26. Rd7 Re7 27. Bc5 Re1+ 28. Kf2 Re2+ 29. Bxe2 Qe8 30. Re7 Qf8 31. Qe4 Ne6 32. Ba3 Bd4+ 33. Kf1 Qc8 34. Rxe6 fxe6 35. Qxd4 1-0

[Event "GER-ch Net qual1 U25"]
[Site "Playchess.com INT"]
[Date "2008.06.01"]
[Round "5"]
[White "Colpe, Helge"]
[Black "Golder, Waldemar"]
[Result "1-0"]
[WhiteElo "2117"]
[BlackElo "1897"]
[PlyCount "67"]
[EventDate "2008.06.01"]
[EventType "swiss (blitz)"]
[EventRounds "7"]
[EventCountry "GER"]
[SourceTitle "CBM 124 Extra"]
[Source "ChessBase"]
[SourceDate "2008.07.03"]
[SourceVersion "1"]
[SourceVersionDate "2008.07.03"]
[SourceQuality "1"]

1. d4 Nf6 2. c4 e5 3. e3 exd4 4. exd4 d5 5. Nc3 Be7 6. Nf3 0-0 7. Bd3 Nc6 8. 0-0 Bg4 9. Be3 dxc4 10. Bxc4 Bxf3 11. Qxf3 Qd7 12. d5 Ne5 13. Qe2 Nxc4 14. Qxc4 Rfd8 15. Rad1 a6 16. Rfe1 b5 17. Qf4 Bd6 18. Qh4 Re8 19. Bg5 Be7 20. Re3 Rab8 21. Rh3 Qf5 22. Rf3 Qd7 23. Bxf6 Bxf6 24. Rxf6 gxf6 25. Ne4 Rxe4 26. Qxe4 Re8 27. Qb4 Qd6 28. Qd2 Rd8 29. Qh6 Re8 30. f4 Re2 31. Kh1 c6 32. h3 cxd5 33. Rd3 Qf8 34. Rg3+ 1-0

[Event "GER-ch Net qual1 U25"]
[Site "Playchess.com INT"]
[Date "2008.06.01"]
[Round "4"]
[White "Colpe, Helge"]
[Black "Prill, Daniel"]
[Result "0-1"]
[WhiteElo "2117"]
[BlackElo "2071"]
[PlyCount "122"]
[EventDate "2008.06.01"]
[EventType "swiss (blitz)"]
[EventRounds "7"]
[EventCountry "GER"]
[SourceTitle "CBM 124 Extra"]
[Source "ChessBase"]
[SourceDate "2008.07.03"]
[SourceVersion "1"]
[SourceVersionDate "2008.07.03"]
[SourceQuality "1"]

1. d4 e6 2. c4 d5 3. Nc3 Nf6 4. Nf3 c6 5. Bg5 Nbd7 6. e3 Bd6 7. Bd3 0-0 8. 0-0 Qe7 9. e4 dxc4 10. Bxc4 e5 11. d5 Nb6 12. Bb3 Bg4 13. h3 Bh5 14. Re1 c5 15. Re3 Rac8 16. Rc1 a6 17. Ne2 c4 18. Bc2 Bc5 19. Ng3 Bxe3 20. Bxe3 Nbd7 21. Nf5 Qb4 22. Bd2 Qxb2 23. Ne7+ Kh8 24. Nxc8 Rxc8 25. Rb1 Qa3 26. Rxb7 Nc5 27. Bb4 Qb2 28. Rb6 Ncxe4 29. d6 Nd7 30. Rb7 Nef6 31. g4 Bg6 32. Bxg6 hxg6 33. Rc7 Re8 34. Qe1 e4 35. Ng5 Kg8 36. Bc3 Qb6 37. Qd2 e3 38. fxe3 Rxe3 39. Bd4 Qb1+ 40. Kf2 Rd3 41. Rc8+ Nf8 42. Qb2 Qd1 43. Be3 c3 44. Rxf8+ Kxf8 45. Qb8+ Ne8 46. Nh7+ Kg8 47. Ng5 Rd2+ 48. Bxd2 Qxd2+ 49. Kf3 Qd3+ 50. Kg2 Qe2+ 51. Kg3 Qe5+ 52. Kg2 c2 53. Nf3 Qe2+ 54. Kg3 c1Q 55. d7 Qce3 56. dxe8Q+ Qxe8 57. Qb6 Q2b5 58. Qc6 Qexc6 59. Kh4 Qxf3 60. a4 g5+ 61. Kh5 Qxh3# 0-1

[Event "Hamburg Junge op"]
[Site "Hamburg"]
[Date "2005.10.09"]
[Round "9"]
[White "Colpe, Helge"]
[Black "Bildat, Juergen"]
[Result "0-1"]
[WhiteElo "2091"]
[BlackElo "2157"]
[PlyCount "72"]
[EventDate "2005.10.01"]
[EventType "swiss"]
[EventRounds "9"]
[EventCountry "GER"]
[SourceTitle "CBM 108 Extra"]
[Source "ChessBase"]
[SourceDate "2005.11.04"]
[SourceVersion "1"]
[SourceVersionDate "2005.11.04"]
[SourceQuality "1"]

1. d4 Nf6 2. Nf3 g6 3. c4 Bg7 4. Nc3 d5 5. e3 0-0 6. Bd3 c5 7. h3 cxd4 8. exd4 Nc6 9. 0-0 Nb4 10. Be2 dxc4 11. Bxc4 Bf5 12. a3 Nbd5 13. Qe2 Be6 14. Bg5 h6 15. Bh4 Nf4 16. Qd2 Bxc4 17. Qxf4 g5 18. Bxg5 hxg5 19. Nxg5 Bxf1 20. Rxf1 Nh7 21. Nxh7 Kxh7 22. Ne4 Qxd4 23. Qf5+ Kg8 24. Ng5 Qh4 25. Re1 e6 26. Qa5 b6 27. Qd2 Rad8 28. Qc1 Bh6 29. f4 Bxg5 30. fxg5 Qd4+ 31. Kh2 Qd2 32. Qb1 Qf4+ 33. Kh1 Qf5 34. Qc1 Rd5 35. Re3 Rfd8 36. Qc4 Rd4 0-1

[Event "Hamburg Junge op"]
[Site "Hamburg"]
[Date "2005.10.07"]
[Round "5"]
[White "Colpe, Helge"]
[Black "Koster, Wim"]
[Result "1-0"]
[WhiteElo "2091"]
[BlackElo "2243"]
[PlyCount "61"]
[EventDate "2005.10.01"]
[EventType "swiss"]
[EventRounds "9"]
[EventCountry "GER"]
[SourceTitle "CBM 108 Extra"]
[Source "ChessBase"]
[SourceDate "2005.11.04"]
[SourceVersion "1"]
[SourceVersionDate "2005.11.04"]
[SourceQuality "1"]

1. d4 Nf6 2. Nf3 d5 3. e3 e6 4. c4 Be7 5. Nc3 0-0 6. Bd3 c5 7. 0-0 Nc6 8. a3 a6 9. cxd5 exd5 10. dxc5 Bxc5 11. h3 Be6 12. b4 Ba7 13. Ne2 Rc8 14. Bb2 Ne4 15. Rc1 Ng5 16. Nf4 Nxf3+ 17. Qxf3 Qg5 18. e4 d4 19. Nxe6 fxe6 20. Qe2 Bb8 21. Rc5 Qf4 22. g3 Qh6 23. Rh5 Qf6 24. e5 Nxe5 25. Bxh7+ Kf7 26. Be4 Rfd8 27. Rd1 Nc4 28. Bc1 d3 29. Bxd3 Rxd3 30. Qxd3 Ne5 31. Rxe5 1-0

[Event "Hamburg Junge op"]
[Site "Hamburg"]
[Date "2005.10.07"]
[Round "7"]
[White "Colpe, Helge"]
[Black "Weeks, Manuel William"]
[Result "1-0"]
[WhiteElo "2091"]
[BlackElo "2268"]
[PlyCount "77"]
[EventDate "2005.10.01"]
[EventType "swiss"]
[EventRounds "9"]
[EventCountry "GER"]
[SourceTitle "CBM 108 Extra"]
[Source "ChessBase"]
[SourceDate "2005.11.04"]
[SourceVersion "1"]
[SourceVersionDate "2005.11.04"]
[SourceQuality "1"]

1. d4 Nf6 2. Nf3 e6 3. c4 Bb4+ 4. Bd2 Qe7 5. Qc2 Bxd2+ 6. Nbxd2 Nc6 7. a3 d6 8. e4 e5 9. dxe5 dxe5 10. Be2 0-0 11. 0-0 a5 12. h3 Nh5 13. Rfd1 Nf4 14. Nf1 Qf6 15. Ne3 Qg6 16. Kh2 Be6 17. Bf1 Qh5 18. g4 Qh6 19. Qc3 f6 20. Nf5 Bxf5 21. exf5 Rad8 22. Qe3 Rfe8 23. Kg3 g6 24. Qe4 Qg7 25. c5 Kh8 26. h4 gxf5 27. Qxf5 Ne7 28. Qc2 Rg8 29. g5 fxg5 30. hxg5 Rdf8 31. Bc4 Nf5+ 32. Kh2 Qg6 33. Qe4 Qh5+ 34. Kg1 Qg4+ 35. Kf1 Qg2+ 36. Ke1 Qh1+ 37. Kd2 Rd8+ 38. Kc2 Rgf8 39. Rxh1 1-0

[Event "Hamburg Junge op"]
[Site "Hamburg"]
[Date "2005.10.06"]
[Round "6"]
[White "Gottuk, Stefan"]
[Black "Colpe, Helge"]
[Result "1/2-1/2"]
[WhiteElo "2280"]
[BlackElo "2091"]
[PlyCount "96"]
[EventDate "2005.10.01"]
[EventType "swiss"]
[EventRounds "9"]
[EventCountry "GER"]
[SourceTitle "CBM 108 Extra"]
[Source "ChessBase"]
[SourceDate "2005.11.04"]
[SourceVersion "1"]
[SourceVersionDate "2005.11.04"]
[SourceQuality "1"]

1. e4 e5 2. Ne2 Nf6 3. Nbc3 Bc5 4. d3 d6 5. Na4 Bb6 6. Nxb6 axb6 7. Ng3 Nc6 8. c3 h6 9. Be2 0-0 10. 0-0 Ne7 11. f4 exf4 12. Bxf4 Ng6 13. Be3 d5 14. exd5 Nxd5 15. Bd2 Re8 16. Qc1 Qh4 17. Bf3 Nf6 18. Ne4 Ng4 19. Bf4 N6e5 20. Bg3 Qd8 21. Qc2 f5 22. Nd2 f4 23. Bf2 Bf5 24. Bxb7 Bxd3 25. Qb3+ Kh8 26. Bxa8 Bxf1 27. Rxf1 Qxa8 28. c4 Qd8 29. Qc3 Qg5 30. Nf3 Nxf3+ 31. Qxf3 Ne5 32. Qe4 Re7 33. c5 Ng4 34. Qa8+ Kh7 35. Qf3 bxc5 36. a4 c4 37. h3 Ne3 38. Re1 Qe5 39. g3 g5 40. h4 Kg8 41. hxg5 hxg5 42. Re2 Qe4 43. Qxe4 Rxe4 44. Bxe3 fxe3 45. Kf1 c3 46. bxc3 Rxa4 47. Rxe3 Kf7 48. Re5 Rc4 1/2-1/2

[Event "Hamburg Junge op"]
[Site "Hamburg"]
[Date "2005.10.03"]
[Round "3"]
[White "Seelmeijer, Jasper"]
[Black "Colpe, Helge"]
[Result "0-1"]
[WhiteElo "1866"]
[BlackElo "2091"]
[PlyCount "64"]
[EventDate "2005.10.01"]
[EventType "swiss"]
[EventRounds "9"]
[EventCountry "GER"]
[SourceTitle "CBM 108 Extra"]
[Source "ChessBase"]
[SourceDate "2005.11.04"]
[SourceVersion "1"]
[SourceVersionDate "2005.11.04"]
[SourceQuality "1"]

1. d4 d5 2. Nc3 Nf6 3. Bg5 Nbd7 4. f3 h6 5. Bh4 e6 6. e4 dxe4 7. fxe4 Be7 8. e5 Nd5 9. Bxe7 Nxe7 10. Qg4 0-0 11. Bd3 c5 12. Nf3 Qb6 13. 0-0-0 cxd4 14. Ne4 Nd5 15. h4 Qc7 16. Neg5 Nxe5 17. Bh7+ Kh8 18. Qxd4 Nxf3 19. gxf3 f6 20. Qd3 Qf4+ 21. Kb1 fxg5 22. hxg5 Qxg5 23. Rdg1 Qf6 24. Be4 Nf4 25. Qd6 e5 26. Qc5 Bf5 27. Bxb7 Rab8 28. Be4 Bxe4 29. fxe4 a6 30. b3 Rbc8 31. Qa7 Rf7 32. Qe3 Rd7 0-1

[Event "Norderstedt op 5th"]
[Site "Norderstedt"]
[Date "2005.03.28"]
[Round "7.10"]
[White "Colpe, Helge"]
[Black "Lingnau, Diethard"]
[Result "1-0"]
[WhiteElo "2088"]
[BlackElo "1893"]
[PlyCount "37"]
[EventDate "2005.03.27"]
[EventType "swiss"]
[EventRounds "7"]
[EventCountry "GER"]
[SourceTitle "EXT 2006"]
[Source "ChessBase"]
[SourceDate "2005.11.24"]
[SourceVersion "1"]
[SourceVersionDate "2005.11.24"]
[SourceQuality "1"]

1. d4 Nf6 2. Nf3 c6 3. c4 d5 4. e3 e6 5. Nc3 Bd6 6. Bd3 Nbd7 7. 0-0 0-0 8. Rb1 e5 9. cxd5 cxd5 10. dxe5 Nxe5 11. Be2 Neg4 12. h3 Ne5 13. Nxd5 Nxd5 14. Qxd5 Qe7 15. Rd1 Bc7 16. Bd2 Rd8 17. Qe4 f5 18. Qc2 Bd7 19. Qxc7 1-0

[Event "Hamburg League qual"]
[Site "Hamburg"]
[Date "2004.10.17"]
[Round "4"]
[White "Knops, Peter"]
[Black "Colpe, Helge"]
[Result "0-1"]
[WhiteElo "1883"]
[BlackElo "2088"]
[PlyCount "48"]
[EventDate "2004.10.09"]
[EventType "swiss"]
[EventRounds "7"]
[EventCountry "GER"]
[SourceTitle "EXT 2006"]
[Source "ChessBase"]
[SourceDate "2005.11.24"]
[SourceVersion "1"]
[SourceVersionDate "2005.11.24"]
[SourceQuality "1"]

1. e4 e5 2. Nc3 Be7 3. Nd5 Nf6 4. Nxe7 Qxe7 5. d3 Nc6 6. Nf3 h6 7. Be2 0-0 8. 0-0 d5 9. exd5 Nxd5 10. Re1 Bf5 11. Bd2 Rad8 12. Bf1 Qf6 13. g3 Bg4 14. Be2 Rfe8 15. Nd4 Bxe2 16. Nxe2 Qg6 17. Qc1 f5 18. Nc3 Nd4 19. Qd1 e4 20. Kg2 Nb4 21. Rc1 exd3 22. Rxe8+ Rxe8 23. cxd3 Nxd3 24. Be3 Qc6+ 0-1

[Event "Hamburg League qual"]
[Site "Hamburg"]
[Date "2004.10.09"]
[Round "1"]
[White "Colpe, Helge"]
[Black "Marquardt, Rolf"]
[Result "1/2-1/2"]
[WhiteElo "2088"]
[BlackElo "1780"]
[PlyCount "89"]
[EventDate "2004.10.09"]
[EventType "swiss"]
[EventRounds "7"]
[EventCountry "GER"]
[SourceTitle "EXT 2006"]
[Source "ChessBase"]
[SourceDate "2005.11.24"]
[SourceVersion "1"]
[SourceVersionDate "2005.11.24"]
[SourceQuality "1"]

1. d4 Nf6 2. Nf3 e6 3. c4 Bb4+ 4. Nc3 d5 5. Bg5 c6 6. Nd2 h6 7. Bh4 Be7 8. e3 Nbd7 9. Bg3 0-0 10. Be2 Re8 11. 0-0 Nf8 12. e4 dxe4 13. Ndxe4 Nxe4 14. Nxe4 f5 15. Nc3 Bd6 16. f4 Be7 17. Bf3 Bh4 18. Bxh4 Qxh4 19. Qd2 Qe7 20. Kh1 Bd7 21. d5 exd5 22. Rfe1 Qd6 23. cxd5 Rxe1+ 24. Rxe1 Re8 25. Rd1 Kh8 26. Qd4 b6 27. g3 cxd5 28. Bxd5 Bc6 29. Qf2 Rd8 30. Qf3 Bxd5 31. Qxd5 Qxd5+ 32. Rxd5 Rxd5 33. Nxd5 g6 34. Kg2 Kg7 35. Kf3 Kf7 36. Ke3 Ke6 37. Kd4 Kd6 38. a4 Nd7 39. b4 a6 40. h3 h5 41. h4 b5 42. Nc3 Kc6 43. axb5+ axb5 44. Ne2 Kd6 45. Nc3 1/2-1/2

[Event "GER Schools Cup g/7'+3\""]
[Site "Playchess.com INT"]
[Date "2004.01.14"]
[Round "4.3"]
[White "Colpe, Helge"]
[Black "Schalk, Martin"]
[Result "1-0"]
[WhiteElo "2409"]
[BlackElo "1962"]
[PlyCount "75"]
[EventDate "2004.01.23"]
[EventType "team (blitz)"]
[EventRounds "12"]
[EventCountry "GER"]
[SourceTitle "EXT 2005"]
[Source "ChessBase"]
[SourceDate "2004.11.15"]
[SourceVersion "1"]
[SourceVersionDate "2004.11.15"]
[SourceQuality "1"]

1. d4 Nf6 2. c4 e6 3. Nc3 Bb4 4. Nf3 0-0 5. Bg5 d5 6. e3 h6 7. Bh4 g5 8. Bg3 Ne4 9. Qc2 f5 10. h3 b6 11. Bd3 Nxc3 12. bxc3 Bd6 13. Be5 Nd7 14. cxd5 exd5 15. Bxf5 Nxe5 16. Bh7+ Kh8 17. dxe5 Be7 18. Rd1 c5 19. Be4 Be6 20. c4 dxe4 21. Rxd8 Raxd8 22. Qxe4 Bf5 23. Qb7 Rd7 24. Qc6 Rfd8 25. Qxh6+ Kg8 26. 0-0 g4 27. hxg4 Be4 28. g5 Bf8 29. Qh4 Bxf3 30. gxf3 Rh7 31. Qf4 Be7 32. Qg3 Kg7 33. f4 Rdh8 34. Kg2 Rh5 35. Rd1 Kg6 36. Rd7 Bxg5 37. Rd6+ Kf5 38. fxg5 1-0

[Event "GER Schools Cup g/7'+3\""]
[Site "Playchess.com INT"]
[Date "2004.01.14"]
[Round "4.4"]
[White "Matiebe, Falk"]
[Black "Colpe, Helge"]
[Result "1-0"]
[WhiteElo "1677"]
[BlackElo "2411"]
[PlyCount "83"]
[EventDate "2004.01.23"]
[EventType "team (blitz)"]
[EventRounds "12"]
[EventCountry "GER"]
[SourceTitle "EXT 2005"]
[Source "ChessBase"]
[SourceDate "2004.11.15"]
[SourceVersion "1"]
[SourceVersionDate "2004.11.15"]
[SourceQuality "1"]

1. e4 e5 2. Bc4 Nc6 3. Nc3 Be7 4. Nf3 Nf6 5. d3 d6 6. 0-0 Bg4 7. h3 Bh5 8. Be3 0-0 9. Kh2 a6 10. a4 Nd4 11. Bxd4 exd4 12. Ne2 Bxf3 13. gxf3 c5 14. Ng3 Nd7 15. Nf5 Bf6 16. Rg1 Ne5 17. Bd5 Rb8 18. Rg2 Ng6 19. Qg1 Be5+ 20. Kh1 b5 21. b3 Rc8 22. h4 Nxh4 23. Rxg7+ Kh8 24. Rg4 Nxf5 25. exf5 Qf6 26. f4 Qh6+ 27. Qh2 Qxh2+ 28. Kxh2 Bf6 29. Rag1 Rg8 30. Bxf7 Rxg4 31. Rxg4 Rf8 32. Be6 h5 33. Rg6 Kh7 34. Kh3 bxa4 35. bxa4 Bg7 36. Kh4 Rb8 37. Bb3 Rf8 38. Be6 Rb8 39. Bb3 Rf8 40. Kg5 h4 41. f6 Bh8 42. Rh6# 1-0

[Event "GER-chT U20"]
[Site "Ditzingen"]
[Date "2003.12.28"]
[Round "4.4"]
[White "Colpe, Helge"]
[Black "Schlippe, Axel"]
[Result "1-0"]
[WhiteElo "2092"]
[BlackElo "1994"]
[PlyCount "101"]
[EventDate "2003.12.27"]
[EventType "team-swiss"]
[EventRounds "7"]
[EventCountry "GER"]
[SourceTitle "EXT 2022"]
[Source "ChessBase"]
[SourceDate "2021.10.06"]
[SourceVersion "1"]
[SourceVersionDate "2021.10.06"]
[SourceQuality "1"]
[WhiteTeam "Hamburger SK U20"]
[BlackTeam "Ettlingen U20"]
[WhiteTeamCountry "GER"]
[BlackTeamCountry "GER"]

1. d4 Nf6 2. Nf3 g6 3. c4 Bg7 4. Nc3 0-0 5. e4 d6 6. Be2 e5 7. 0-0 Nc6 8. d5 Ne7 9. b4 Nh5 10. Re1 f5 11. Nd2 Nf4 12. Bf1 g5 13. c5 fxe4 14. cxd6 Qxd6 15. Ndxe4 Qd8 16. Bc4 Nf5 17. Nb5 Kh8 18. d6 cxd6 19. Nbxd6 Nxd6 20. Nxd6 Qf6 21. Ne4 Qg6 22. Qd6 Bf5 23. Qxg6 Bxg6 24. Bb2 Rac8 25. Rac1 h6 26. Nc5 b6 27. Nd7 Rfe8 28. Nxe5 Bxe5 29. Rxe5 Rxe5 30. Bxe5+ Kh7 31. Bg8+ Rxg8 32. Rc7+ Bf7 33. Rxf7+ Kg6 34. Rf6+ Kh5 35. Bxf4 gxf4 36. Rxf4 Rc8 37. g3 Rc2 38. a4 Ra2 39. b5 Kg5 40. Kg2 Ra3 41. h4+ Kg6 42. g4 Rb3 43. f3 Rb2+ 44. Kg3 Ra2 45. Rc4 Kf6 46. Kf4 Ke6 47. g5 hxg5+ 48. hxg5 Rh2 49. Re4+ Kf7 50. Kf5 Rg2 51. g6+ 1-0

[Event "Hamburg HSK Elo op 3rd"]
[Site "Hamburg"]
[Date "2002.05.12"]
[Round "7"]
[White "Colpe, Helge"]
[Black "Schubert, Silke"]
[Result "1-0"]
[WhiteElo "2099"]
[BlackElo "2080"]
[PlyCount "121"]
[EventDate "2002.05.09"]
[EventType "swiss"]
[EventRounds "7"]
[EventCountry "GER"]
[SourceTitle "CBM 088 Extra"]
[Source "ChessBase"]
[SourceDate "2002.07.01"]
[SourceVersion "2"]
[SourceVersionDate "2002.07.01"]
[SourceQuality "1"]

1. d4 Nf6 2. c4 g6 3. Nc3 d6 4. Nf3 Bg7 5. e4 0-0 6. Be2 e5 7. 0-0 Nc6 8. d5 Ne7 9. b4 Nh5 10. Re1 f5 11. Nd2 Nf6 12. f3 f4 13. c5 g5 14. Nc4 Ne8 15. Ba3 Rf6 16. b5 Ng6 17. b6 axb6 18. cxd6 cxd6 19. Qb3 h5 20. Rab1 g4 21. Nxb6 Rb8 22. Nxc8 Rxc8 23. Na4 gxf3 24. Bxf3 Nh4 25. Rf1 Rg6 26. Rb2 Qg5 27. Re2 Rc7 28. Nc3 Nxf3+ 29. Rxf3 h4 30. Nb5 Rf7 31. h3 Qh5 32. Bb4 Bf8 33. Ref2 Rfg7 34. Qd3 Qg5 35. Rc2 Qd8 36. Kf1 Nf6 37. Be1 Nh7 38. Nc7 Ng5 39. Ne6 Nxe6 40. dxe6 Kh7 41. Qd5 Qf6 42. Rb3 Be7 43. a4 Qg5 44. a5 Rf6 45. Rf3 Bf8 46. Bb4 Qg6 47. Be1 Qg5 48. Rb2 Rfg6 49. Rff2 Qg3 50. Rxb7 Qh2 51. Ke2 Rg3 52. Rxg7+ Bxg7 53. e7 Re3+ 54. Kd1 Qg1 55. Qd2 Bh6 56. e8Q f3 57. Qf7+ Kh8 58. Rxf3 Rxe1+ 59. Qxe1 Qd4+ 60. Kc2 Qc5+ 61. Rc3 1-0